<?xml version="1.0" encoding="UTF-8"?>
<record
    xmlns:xsi="http://www.w3.org/2001/XMLSchema-instance"
    xsi:schemaLocation="http://www.loc.gov/MARC21/slim http://www.loc.gov/standards/marcxml/schema/MARC21slim.xsd"
    xmlns="http://www.loc.gov/MARC21/slim">

  <leader>01547nam a2200205Ia 4500</leader>
  <datafield tag="952" ind1=" " ind2=" ">
    <subfield code="0">0</subfield>
    <subfield code="1">0</subfield>
    <subfield code="4">0</subfield>
    <subfield code="7">0</subfield>
    <subfield code="a">04</subfield>
    <subfield code="b">04</subfield>
    <subfield code="d">2011-03-22</subfield>
    <subfield code="l">45</subfield>
    <subfield code="m">1</subfield>
    <subfield code="o">K164 A73 2008</subfield>
    <subfield code="p">04 003130</subfield>
    <subfield code="r">2020-02-22</subfield>
    <subfield code="s">2020-02-20</subfield>
    <subfield code="t">1</subfield>
    <subfield code="w">2012-06-24</subfield>
    <subfield code="y">LB</subfield>
  </datafield>
  <datafield tag="952" ind1=" " ind2=" ">
    <subfield code="0">0</subfield>
    <subfield code="1">0</subfield>
    <subfield code="4">0</subfield>
    <subfield code="7">0</subfield>
    <subfield code="a">04</subfield>
    <subfield code="b">04</subfield>
    <subfield code="d">2012-10-05</subfield>
    <subfield code="l">104</subfield>
    <subfield code="m">3</subfield>
    <subfield code="o">K164 A73 2008</subfield>
    <subfield code="p">04 004089</subfield>
    <subfield code="r">2020-02-25</subfield>
    <subfield code="s">2020-02-20</subfield>
    <subfield code="t">2</subfield>
    <subfield code="w">2012-10-05</subfield>
    <subfield code="y">LB</subfield>
  </datafield>
  <datafield tag="999" ind1=" " ind2=" ">
    <subfield code="c">62694</subfield>
    <subfield code="d">62694</subfield>
  </datafield>
  <controlfield tag="008">120625s2008    mx            001 0 spa d</controlfield>
  <datafield tag="020" ind1=" " ind2=" ">
    <subfield code="a">9786079000141</subfield>
  </datafield>
  <datafield tag="050" ind1=" " ind2="4">
    <subfield code="a">K164 </subfield>
    <subfield code="b">A73 2008</subfield>
  </datafield>
  <datafield tag="100" ind1="1" ind2=" ">
    <subfield code="a">Arellano Garc&#xED;a, Carlos</subfield>
    <subfield code="e"> , autor</subfield>
  </datafield>
  <datafield tag="245" ind1="1" ind2="0">
    <subfield code="a">Derecho internacional privado </subfield>
    <subfield code="c"> / Carlos Arellano Garc&#xED;a </subfield>
  </datafield>
  <datafield tag="250" ind1=" " ind2=" ">
    <subfield code="a">17a. edici&#xF3;n </subfield>
  </datafield>
  <datafield tag="260" ind1=" " ind2=" ">
    <subfield code="a">M&#xE9;xico</subfield>
    <subfield code="b"> : Porr&#xFA;a </subfield>
    <subfield code="c"> , 2008</subfield>
  </datafield>
  <datafield tag="300" ind1=" " ind2=" ">
    <subfield code="a">xxxi, 1037 p&#xE1;ginas </subfield>
    <subfield code="c"> ; 24 cm. </subfield>
  </datafield>
  <datafield tag="504" ind1=" " ind2=" ">
    <subfield code="a">Bibliograf&#xED;a: pp. 1021-1025</subfield>
  </datafield>
  <datafield tag="505" ind1="0" ind2=" ">
    <subfield code="a">Nociones generales 
Caracterizaci&#xF3;n del derecho internacional privado 
Fuentes del derecho internacional privado 
La nacionalidad 
El concepto de nacionalidad 
Antecedentes hist&#xF3;rico-legislativos de la nacionalidad en M&#xE9;xico 
La nacionalidad mexicana en el derecho vigente 
Nacionalidad de las personas morales y de las cosas 
Condiciones de extranjeros 
Nociones doctrinales acerca de la condici&#xF3;n de extranjeros 
Bosquejo hist&#xF3;rico de la condici&#xF3;n de extranjero en M&#xE9;xico 
La condici&#xF3;n del extranjero en el derecho vigente mexicano 
Internaci&#xF3;n y estancia del extranjero en M&#xE9;xico 
R&#xE9;gimen de propiedad del extranjero en M&#xE9;xico 
Las inversiones extranjeras en M&#xE9;xico 
Aspectos econ&#xF3;micos y R&#xE9;gimen jur&#xED;dico de la tecnolog&#xED;a 
La condici&#xF3;n jur&#xED;dica de las sociedades extranjeras en M&#xE9;xico 
Los conflictos de leyes </subfield>
  </datafield>
  <datafield tag="519" ind1=" " ind2=" ">
    <subfield code="a">Plan Flexible / </subfield>
    <subfield code="b">Derecho / </subfield>
    <subfield code="c">Derecho Internacional Privado (P30) / </subfield>
    <subfield code="d">(04 004089)</subfield>
  </datafield>
  <datafield tag="519" ind1=" " ind2=" ">
    <subfield code="a">Material Complementario / </subfield>
    <subfield code="d">(04 003130)</subfield>
  </datafield>
  <datafield tag="650" ind1=" " ind2="4">
    <subfield code="a">DERECHO INTERNACIONAL PRIVADO</subfield>
    <subfield code="z">M&#xC9;XICO</subfield>
  </datafield>
  <datafield tag="942" ind1=" " ind2=" ">
    <subfield code="c">LB</subfield>
  </datafield>
</record>
